000 00582nam a22001937a 4500
999 _c157568
_d157568
005 20180919113748.0
010 _aENG-123996
020 _a9789352871964
_c235.00
035 _aEN-107528
037 _bDBAD/PUB
082 _aN
100 _aKureshi, Hamid
245 _aAgnipariksha:
_cby Hamid Kureshi; translated by Rita Kothari
_ban ordeal remembered /
260 _aHyderabad
_bOrient BlackSwan Pvt. Ltd.
_c2018
270 _bHyderabad
_e500029
_a3-6-752 Himayatnagar,
300 _axv,67p
_c12cm.(pbk.)
_bill. pic.
700 _a Kothari, Rita
942 _2ddc
_cEN
_hN
_mKUR